County Seats Of Illinois - Statistics

General Stats
  • This quiz has been taken 122 times
  • The average score is 34 of 102
Answer Stats
County Seat % Correct
Cook Chicago
97%
Winnebago Rockford
87%
Sangamon Springfield
84%
Will Joliet
81%
______ Peoria
81%
Champaign Urbana
81%
____ ______ Rock Island
74%
McLean Bloomington
71%
Alexander Cairo
68%
Macon Decatur
68%
Lake Waukegan
68%
Vermilion Danville
58%
Madison Edwardsville
58%
Adams Quincy
58%
Logan Lincoln
55%
St. Clair Belleville
52%
________ Kankakee
52%
DuPage Wheaton
52%
Williamson Marion
48%
_________ Effingham
42%
Jo Daviess Galena
42%
Knox Galesburg
42%
Massac Metropolis
42%
Jefferson Mount Vernon
42%
LaSalle Ottawa
42%
Livingston Pontiac
42%
DeKalb Sycamore
42%
McHenry Woodstock
42%
McDonough Macomb
39%
Boone Belvidere
35%
Kane Geneva
35%
Jackson Murphysboro
35%
Tazewell Pekin
35%
Shelby Shelbyville
35%
Franklin Benton
32%
Coles Charleston
32%
DeWitt Clinton
32%
Lee Dixon
32%
Stephenson Freeport
32%
Ogle Oregon
32%
White Carmi
29%
Calhoun Hardin
29%
Grundy Morris
29%
Bureau Princeton
29%
Crawford Robinson
29%
Christian Taylorville
29%
Fayette Vandalia
29%
Kendall Yorkville
29%
Randolph Chester
26%
Wayne Fairfield
26%
Pope Golconda
26%
Bond Greenville
26%
Putnam Hennepin
26%
Morgan Jacksonville
26%
Jersey Jerseyville
26%
Lawrence Lawrenceville
26%
Clay Louisville
26%
Brown Mount Sterling
26%
Richland Olney
26%
Edgar Paris
26%
Perry Pinckneyville
26%
Marion Salem
26%
Saline Harrisburg
23%
Marshall Lacon
23%
Clark Marshall
23%
Carroll Mount Carroll
23%
Henderson Oquawka
23%
Ford Paxton
23%
Gallatin Shawneetown
23%
Douglas Tuscola
23%
Johnson Vienna
23%
Monroe Waterloo
23%
Iroquois Watseka
23%
Mercer Aledo
19%
Henry Cambridge
19%
Macoupin Carlinville
19%
Greene Carrollton
19%
Hardin Elizabethtown
19%
Woodford Eureka
19%
Montgomery Hillsboro
19%
Fulton Lewistown
19%
Warren Monmouth
19%
Piatt Monticello
19%
Pulaski Mound City
19%
Pike Pittsfield
19%
Cumberland Toledo
19%
Stark Toulon
19%
Cass Virginia
19%
Edwards Albion
16%
Mason Havana
16%
Union Jonesboro
16%
Hamilton McLeansboro
16%
Wabash Mount Carmel
16%
Jasper Newton
16%
Schuyler Rushville
16%
Moultrie Sullivan
16%
Clinton Carlyle
13%
Hancock Carthage
13%
Whiteside Morrison
13%
Washington Nashville
13%
Menard Petersburg
13%
Scott Winchester
13%
No matching quizzes found
Score Distribution
Percent of People with Each Score
Percentile by Number Answered
Your Score History
You have not taken this quiz